| 000 | 00612nam a22002172 4500 | ||
|---|---|---|---|
| 001 | 0000001366 | ||
| 005 | 20151217151815.0 | ||
| 008 | 070306s xx 000 0 eng d | ||
| 020 |
_a0198776292 : _cKES 4,499 |
||
| 040 |
_aKABU _cKABU |
||
| 050 | 0 |
_aHB172.5 _b.R43 2000 |
|
| 245 | 1 | 0 |
_aReadings in macroeconomics / _ced. by Tim Jenkinson. |
| 250 | _a2nd ed. | ||
| 260 |
_aOxford : _bOUP, _c2000. |
||
| 300 | _axiv, 274 p. | ||
| 650 | 0 |
_aMacroeconomics. _@0000149933 |
|
| 700 | 1 |
_aJenkinson, Tim. _@0000150032 |
|
| 908 | _a070306 | ||
| 950 | _@1 | ||
| 999 |
_c5211 _d5211 |
||